[Event "Frankfurt Ch 2011"]
[Site "Ffm-Kalbach, LAZ"]
[Date "2011.05.02"]
[Round "1.27"]
[White "Heidel, Andre Nicolas"]
[Black "Jordake, Michael"]
[Result "1-0"]
[WhiteElo "2170"]
[BlackElo "1710"]
[PlyCount "75"]
[EventDate "2011.??.??"]
[WhiteTeam "SC 1959 Obernau"]
[BlackTeam "SC Bergen-Enkheim 1922"]

1. d4 Nf6 2. c4 e5 3. dxe5 Ng4 4. Nf3 Nc6 5. e3 Ngxe5 6. Nbd2 Bb4 7. a3 Be7 8.
Nxe5 Nxe5 9. f4 Ng6 10. Bd3 c6 11. O-O O-O 12. e4 Bc5+ 13. Kh1 d6 14. Qh5 Qh4
15. Qxh4 Nxh4 16. f5 d5 17. g3 dxc4 18. Nxc4 b5 19. Na5 Bb6 20. b4 Rd8 21. Bc2
Nxf5 22. exf5 Re8 23. Bf4 Bxa5 24. bxa5 c5 25. Rfe1 Bb7+ 26. Kg1 c4 27. Kf2 f6
28. Re6 Bd5 29. Rxe8+ Rxe8 30. Rd1 Bc6 31. Rd6 Rc8 32. a6 Kf7 33. Be3 Rc7 34.
Bxa7 Ke7 35. Re6+ Kd7 36. Bb6 Rc8 37. a7 Ba8 38. Be3 1-0

[Event "Frankfurt Ch 2011"]
[Site "Ffm-Kalbach, LAZ"]
[Date "2011.05.02"]
[Round "1.28"]
[White "Arnold, Michael"]
[Black "Reschke, Thomas"]
[Result "0-1"]
[WhiteElo "1846"]
[BlackElo "2198"]
[PlyCount "80"]
[EventDate "2011.??.??"]
[WhiteTeam "SK Langen"]
[BlackTeam "SC Frankfurt-West"]

1. d4 g6 2. Nf3 Bg7 3. e3 d6 4. Bd3 Nd7 5. Nbd2 e5 6. dxe5 dxe5 7. Nb3 Ngf6 8.
e4 O-O 9. Bg5 c5 10. Qe2 Qc7 11. O-O Nh5 12. Rad1 h6 13. Be3 Nf4 14. Bxf4 exf4
15. c3 g5 16. Rfe1 g4 17. Nh4 Ne5 18. Bb1 Bf6 19. Nf5 Bxf5 20. exf5 f3 21. Qe3
fxg2 22. Be4 c4 23. Nd4 Kg7 24. Kxg2 Rfe8 25. Qg3 Kh8 26. Ne2 Qe7 27. Nf4 Bh4
28. Qe3 Qg5 29. Nd5 Nf3 30. Re2 Qxe3 31. Rxe3 Bg5 32. Re2 Nh4+ 33. Kf1 Rad8 34.
Rd4 Re5 35. h3 gxh3 36. f4 Bxf4 37. Nxf4 Rxd4 38. cxd4 Rxe4 39. Rxe4 h2 40.
Re8+ Kh7 0-1

[Event "Frankfurt Ch 2011"]
[Site "Ffm-Kalbach, LAZ"]
[Date "2011.05.02"]
[Round "1.29"]
[White "Engel, Berthold"]
[Black "Bastian, Holger"]
[Result "1-0"]
[WhiteElo "2210"]
[BlackElo "1689"]
[PlyCount "69"]
[EventDate "2011.??.??"]
[WhiteTeam "SC Brett vor'm Kopp Ffm"]
[BlackTeam "Aschaffenburg- Schweinheim e.V."]

1. c4 Nf6 2. Nc3 g6 3. e4 d6 4. d4 Bg7 5. Bg5 c6 6. f3 a6 7. Qd2 b5 8. Bh6 Bxh6
9. Qxh6 Nbd7 10. cxb5 axb5 11. Qd2 Nb6 12. Bd3 O-O 13. Nge2 b4 14. Nd1 c5 15.
Ne3 e5 16. dxc5 dxc5 17. Qc2 Qe7 18. O-O Ba6 19. b3 Bxd3 20. Qxd3 Rfd8 21. Qc2
Nh5 22. Rac1 Nf4 23. Nxf4 exf4 24. Ng4 h5 25. Nf2 Rac8 26. Qe2 Rd4 27. Qb5 Qd6
28. Rfd1 g5 29. Rxd4 cxd4 30. Qxg5+ Kf8 31. Rxc8+ Nxc8 32. Qb5 Na7 33. Qc4 Nc6
34. Nd3 Ne5 35. Qxb4 1-0

[Event "Frankfurt Ch 2011"]
[Site "Ffm-Kalbach, LAZ"]
[Date "2011.05.02"]
[Round "1.30"]
[White "Reichel, Rolf"]
[Black "Rüger, Erhard"]
[Result "0-1"]
[WhiteElo "1991"]
[BlackElo "2195"]
[PlyCount "62"]
[EventDate "2011.??.??"]
[WhiteTeam "Niederräder TG"]
[BlackTeam "SC Brett vor'm Kopp Ffm"]

1. e4 c5 2. Nc3 Nc6 3. Nf3 a6 4. d4 cxd4 5. Nxd4 e6 6. Nxc6 bxc6 7. Be2 d5 8.
e5 Bc5 9. O-O Ne7 10. Na4 Ba7 11. Kh1 Nf5 12. Bg4 O-O 13. c4 d4 14. b4 Rb8 15.
Bd2 Qc7 16. Qf3 Nh4 17. Qg3 Ng6 18. f4 c5 19. bxc5 Bd7 20. Nb6 Bxb6 21. cxb6
Qxb6 22. h4 Qb2 23. Rad1 Ba4 24. Bc1 Qc3 25. Rf3 Qxc4 26. Re1 Rb1 27. Bd2 Rxe1+
28. Qxe1 Bc2 29. g3 Rb8 30. Qf1 Rb1 31. Bc1 Bd3 0-1

[Event "Frankfurt Ch 2011"]
[Site "Ffm-Kalbach, LAZ"]
[Date "2011.05.02"]
[Round "1.31"]
[White "Bösch, Dirk"]
[Black "Bittner, Peter"]
[Result "1-0"]
[WhiteElo "2109"]
[BlackElo "1956"]
[PlyCount "75"]
[EventDate "2011.??.??"]
[WhiteTeam "SK Ebringen"]
[BlackTeam "SC 1961 König Nied"]

1. d4 c6 2. c4 d5 3. Nf3 Nf6 4. Nc3 e6 5. Bg5 Be7 6. cxd5 exd5 7. Qc2 Bg4 8. e3
Nbd7 9. Bd3 Rc8 10. O-O h6 11. Bh4 Bxf3 12. gxf3 Nh5 13. Bxe7 Qxe7 14. Kh1 O-O
15. Rg1 Kh8 16. Rg2 Nhf6 17. Rag1 Rg8 18. Qd2 Nf8 19. e4 dxe4 20. fxe4 Ne6 21.
e5 Nh7 22. Ne4 Nhg5 23. Nd6 Rcd8 24. Qe3 Rxd6 25. exd6 Qxd6 26. h4 Nh7 27. Qxh6
g6 28. h5 Nf4 29. hxg6 fxg6 30. Bxg6 Nxg6 31. Rxg6 Rxg6 32. Qxg6 Qf8 33. Rg3 a6
34. Re3 Qg7 35. Qxg7+ Kxg7 36. Re7+ Kg6 37. Rxb7 Ng5 38. Rb6 1-0

[Event "Frankfurt Ch 2011"]
[Site "Ffm-Kalbach, LAZ"]
[Date "2011.05.02"]
[Round "1.32"]
[White "Brauer, Frank"]
[Black "Schmitt, Hans Walter"]
[Result "1/2-1/2"]
[WhiteElo "1897"]
[BlackElo "2130"]
[PlyCount "65"]
[EventDate "2011.??.??"]
[WhiteTeam "vereinslos"]
[BlackTeam "Chess Tigers Schach-Förderverein"]

1. e4 d5 2. exd5 Nf6 3. d4 Bg4 4. Be2 Bxe2 5. Nxe2 Qxd5 6. O-O Nc6 7. c4 Qxc4
8. Na3 Qa6 9. Be3 O-O-O 10. Qc2 e6 11. Nc4 Nd5 12. a3 f6 13. b4 b5 14. Nb2 Qb6
15. Rfc1 Nce7 16. Nc3 Nxc3 17. Qxc3 Nd5 18. Qb3 Bd6 19. Rc2 Kd7 20. Nd3 Rhe8
21. Nc5+ Ke7 22. Rac1 Kf7 23. g3 Bxc5 24. Rxc5 Rd6 25. Bd2 a6 26. a4 c6 27.
axb5 axb5 28. Ra1 Rd7 29. Qa2 Ne7 30. Be3 Nd5 31. Bd2 Ne7 32. Be3 Nd5 33. Bd2
1/2-1/2

[Event "Frankfurt Ch 2011"]
[Site "Ffm-Kalbach, LAZ"]
[Date "2011.05.02"]
[Round "1.33"]
[White "Rosa, Mike"]
[Black "Winter, Olaf"]
[Result "1-0"]
[WhiteElo "2114"]
[BlackElo "1675"]
[PlyCount "71"]
[EventDate "2011.??.??"]
[WhiteTeam "SC 1961 König Nied"]
[BlackTeam "SK Bickenbach"]

1. e4 c5 2. Nf3 Nc6 3. d4 cxd4 4. Nxd4 a6 5. c4 g6 6. Nc3 Bg7 7. Be3 e6 8. Qd2
Nge7 9. Nb3 Na5 10. Be2 Qc7 11. Nxa5 Qxa5 12. O-O O-O 13. Nd5 Qd8 14. Bb6 exd5
15. Bxd8 Rxd8 16. cxd5 b5 17. a4 bxa4 18. Rxa4 Rb8 19. b4 f5 20. Qg5 Re8 21. d6
Nc6 22. Bc4+ Kh8 23. exf5 Re5 24. g4 Bb7 25. f4 Re3 26. f6 Bf8 27. f5 Ne5 28.
Qxe3 Nxc4 29. Qc3 Nxd6 30. fxg6 hxg6 31. f7+ Kh7 32. Qh3+ Kg7 33. g5 Nf5 34.
Rxf5 gxf5 35. Qc3+ Kg6 36. Qc7 1-0

[Event "Frankfurt Ch 2011"]
[Site "Ffm-Kalbach, LAZ"]
[Date "2011.05.02"]
[Round "1.34"]
[White "Schellen, Sven"]
[Black "Kuhn, Gerhard"]
[Result "0-1"]
[WhiteElo "1745"]
[BlackElo "2110"]
[PlyCount "54"]
[EventDate "2011.??.??"]
[WhiteTeam "Sfr. Frankfurt 1921"]
[BlackTeam "SK Marburg 1931/72"]

1. d4 Nf6 2. Nf3 g6 3. e3 d5 4. Nbd2 Bg7 5. Be2 c5 6. c3 cxd4 7. exd4 Nc6 8.
O-O O-O 9. Re1 Qc7 10. Nf1 a6 11. h3 Re8 12. Be3 b6 13. Qd2 Ne4 14. Qc1 Bb7 15.
Bf4 Qd8 16. Bd3 Rc8 17. Qd1 b5 18. Ne3 e6 19. Ng4 b4 20. Bxe4 dxe4 21. Nfe5
Nxe5 22. dxe5 bxc3 23. bxc3 Qc7 24. Rc1 h5 25. Ne3 Red8 26. Qb3 Rd3 27. Nc4 Bd5
0-1

[Event "Frankfurt Ch 2011"]
[Site "Ffm-Kalbach, LAZ"]
[Date "2011.05.02"]
[Round "1.35"]
[White "Benninger, Rudolf"]
[Black "Krischak, Werner"]
[Result "1-0"]
[WhiteElo "2154"]
[BlackElo "1822"]
[PlyCount "49"]
[EventDate "2011.??.??"]
[WhiteTeam "SC Heusenstamm"]
[BlackTeam "SK Marburg 1931/72"]

1. e4 c6 2. d4 d5 3. e5 c5 4. c3 Nc6 5. Be3 cxd4 6. cxd4 e6 7. Nc3 Bb4 8. Bd3
Nge7 9. Qg4 Ng6 10. h4 h5 11. Qg3 Qa5 12. Nge2 Nce7 13. O-O Bxc3 14. Nxc3 Bd7
15. Rac1 Nf5 16. Bxf5 exf5 17. Rfe1 Be6 18. Ne2 Kd7 19. a3 Qd8 20. Bg5 f6 21.
Bd2 Ne7 22. Nf4 fxe5 23. Nxe6 Kxe6 24. Qxe5+ Kf7 25. Qe6+ 1-0

[Event "Frankfurt Ch 2011"]
[Site "Ffm-Kalbach, LAZ"]
[Date "2011.05.02"]
[Round "1.36"]
[White "Bender, Manfred"]
[Black "Kreiling, Carsten"]
[Result "0-1"]
[WhiteElo "1821"]
[BlackElo "2129"]
[PlyCount "70"]
[EventDate "2011.??.??"]
[WhiteTeam "Sfr. Taunus Königstein/Schwalbac"]
[BlackTeam "SVG Eppstein 1932"]

1. d4 Nf6 2. c4 c5 3. e3 g6 4. Nf3 Bg7 5. Nc3 O-O 6. Be2 cxd4 7. exd4 d5 8. Qb3
dxc4 9. Bxc4 Nc6 10. Be3 Na5 11. Qb4 Nxc4 12. Qxc4 Be6 13. Qe2 Rc8 14. Qd2 Bd5
15. Nxd5 Qxd5 16. O-O Ne4 17. Qb4 e6 18. Rfd1 Rc4 19. Qb3 f6 20. Rd3 Rfc8 21.
Rad1 b5 22. Nd2 Nxd2 23. R3xd2 Bf8 24. a3 Bd6 25. g3 a5 26. f4 Kg7 27. Bf2 Bb8
28. Qe3 Ba7 29. Re1 R8c6 30. Qe4 Qxe4 31. Rxe4 Rd6 32. Kg2 a4 33. Rde2 Bxd4 34.
Rxe6 Rxe6 35. Rxe6 Rc2 0-1

[Event "Frankfurt Ch 2011"]
[Site "Ffm-Kalbach, LAZ"]
[Date "2011.05.02"]
[Round "1.37"]
[White "Drill, Frank"]
[Black "Storch, Dominik"]
[Result "1-0"]
[WhiteElo "2141"]
[BlackElo "1883"]
[PlyCount "71"]
[EventDate "2011.??.??"]
[WhiteTeam "Sfr.Neuberg"]
[BlackTeam "Frankfurter TV 1860"]

1. d4 f5 2. Nc3 d5 3. e4 dxe4 4. Bf4 Nf6 5. Bc4 e6 6. Nh3 Bd6 7. O-O O-O 8. Qd2
Bxf4 9. Nxf4 Nd5 10. Ncxd5 exd5 11. Bxd5+ Kh8 12. Bb3 Nc6 13. Qc3 Qd6 14. Qe3
Na5 15. c4 Nxb3 16. axb3 b6 17. h4 Bb7 18. Rfd1 Qh6 19. g3 a5 20. d5 Rae8 21.
b4 g5 22. hxg5 Qxg5 23. bxa5 bxa5 24. Rxa5 Ra8 25. Qc5 e3 26. Qxe3 Rxa5 27.
Qc3+ Qf6 28. Qxa5 Qxb2 29. Qxc7 Rc8 30. Qf7 Ba6 31. Re1 Qg7 32. Qxf5 Rf8 33.
Qe4 Qc3 34. c5 Qxc5 35. Qe5+ Kg8 36. Qe6+ 1-0

[Event "Frankfurt Ch 2011"]
[Site "Ffm-Kalbach, LAZ"]
[Date "2011.05.02"]
[Round "1.38"]
[White "Koch, Thomas"]
[Black "Holzschuh, Gerald"]
[Result "0-1"]
[WhiteElo "1938"]
[BlackElo "2139"]
[PlyCount "36"]
[EventDate "2011.??.??"]
[WhiteTeam "SV 1934 Ffm-Griesheim"]
[BlackTeam "SC Bad Nauheim"]

1. e4 d6 2. d4 Nf6 3. Bd3 g6 4. f4 Bg7 5. Nf3 c5 6. d5 c4 7. Bxc4 Nxe4 8. Qd3
Bf5 9. Bb5+ Nd7 10. Bxd7+ Qxd7 11. Qe2 Nf6 12. Nc3 Rc8 13. h3 Rxc3 14. bxc3 Ne4
15. Bd2 Ng3 16. Qe3 Nxh1 17. O-O-O Qa4 18. Ne1 Qxa2 0-1

[Event "Frankfurt Ch 2011"]
[Site "Ffm-Kalbach, LAZ"]
[Date "2011.05.02"]
[Round "1.39"]
[White "Czech, Ludwig"]
[Black "Cipca, Adrian"]
[Result "1-0"]
[WhiteElo "2137"]
[BlackElo "1888"]
[PlyCount "63"]
[EventDate "2011.??.??"]
[WhiteTeam "VSG 1880 Offenbach"]
[BlackTeam "SK Bad Homburg 1927"]

1. c4 Nf6 2. g3 g6 3. Bg2 Bg7 4. Nc3 c5 5. Nf3 Nc6 6. d4 cxd4 7. Nxd4 O-O 8.
O-O Nxd4 9. Qxd4 d6 10. Qd3 Rb8 11. e4 Be6 12. b3 Qd7 13. Re1 Rfc8 14. Bb2 Bh3
15. Bh1 Be6 16. Rad1 a6 17. a4 Ne8 18. Ba3 b5 19. axb5 Bxc3 20. Qxc3 axb5 21.
Bb2 f6 22. e5 bxc4 23. exf6 Nxf6 24. Qd2 Rxb3 25. Bxf6 Rd3 26. Qf4 exf6 27.
Rxd3 cxd3 28. Qd4 Bf5 29. Qxf6 Re8 30. Bd5+ Be6 31. Rxe6 Rxe6 32. Bxe6+ 1-0

[Event "Frankfurt Ch 2011"]
[Site "Ffm-Kalbach, LAZ"]
[Date "2011.05.02"]
[Round "1.40"]
[White "Mühlbach, Christian"]
[Black "Kuban, Günther"]
[Result "0-1"]
[WhiteElo "1709"]
[BlackElo "2205"]
[PlyCount "68"]
[EventDate "2011.??.??"]
[WhiteTeam "SK Langen"]
[BlackTeam "SV Oberursel"]

1. e4 e5 2. Nc3 Bb4 3. f4 exf4 4. Nf3 Ne7 5. d4 d5 6. e5 Ng6 7. Bd3 O-O 8. Bd2
Nc6 9. Ne2 Nh4 10. O-O Nxf3+ 11. Rxf3 Bxd2 12. Qxd2 g5 13. c3 f6 14. exf6 Qxf6
15. Raf1 Bg4 16. R3f2 Qg7 17. Qc2 Ne7 18. g3 f3 19. Nc1 c6 20. Re1 Rae8 21. Bf1
Bf5 22. Qd2 Be4 23. Nd3 Nf5 24. Ne5 g4 25. b4 Nd6 26. a4 Bf5 27. b5 Ne4 28. Qb2
Nxf2 29. Qxf2 c5 30. a5 cxd4 31. cxd4 Rc8 32. b6 axb6 33. Qa2 Kh8 34. Qa3 Be4
0-1

[Event "Frankfurt Ch 2011"]
[Site "Ffm-Kalbach, LAZ"]
[Date "2011.05.02"]
[Round "1.41"]
[White "Bagatsch, Thomas"]
[Black "Imelmann, Esther"]
[Result "1-0"]
[WhiteElo "2116"]
[BlackElo "1790"]
[PlyCount "56"]
[EventDate "2011.??.??"]
[WhiteTeam "SC Brett vor'm Kopp Ffm"]
[BlackTeam "SV Mainz-Mombach"]

1. e4 e6 2. c4 d5 3. cxd5 exd5 4. Qb3 c6 5. d4 Nf6 6. e5 Nfd7 7. f4 Qb6 8. Qd1
Be7 9. Nf3 Nf8 10. Nc3 Bf5 11. h3 h5 12. Bd3 Bxd3 13. Qxd3 Nbd7 14. O-O O-O-O
15. Be3 g6 16. a3 Nb8 17. b4 Qa6 18. b5 cxb5 19. Nxb5 Nc6 20. Rfc1 Kb8 21. Rab1
Nd7 22. f5 gxf5 23. Qxf5 Nb6 24. Bf4 Nc4 25. e6+ Bd6 26. Rxc4 dxc4 27. Bxd6+
Rxd6 28. Nxd6 fxe6 1-0

[Event "Frankfurt Ch 2011"]
[Site "Ffm-Kalbach, LAZ"]
[Date "2011.05.02"]
[Round "1.42"]
[White "Riha, Peter"]
[Black "Marzahn, Heiko"]
[Result "0-1"]
[WhiteElo "1806"]
[BlackElo "1984"]
[PlyCount "78"]
[EventDate "2011.??.??"]
[WhiteTeam "SC Bergen-Enkheim 1922"]
[BlackTeam "Sfr.Erbach"]

1. d4 Nf6 2. c4 g6 3. Nc3 Bg7 4. e4 d6 5. f4 c5 6. d5 O-O 7. Nf3 Bg4 8. h3 Bxf3
9. Qxf3 e6 10. Be2 exd5 11. exd5 Re8 12. O-O Nfd7 13. Bd2 f5 14. Rae1 Na6 15.
Bd1 Qf6 16. Be3 Nb6 17. Bb3 Re7 18. Bf2 Rae8 19. Qd1 Bh6 20. g3 Nc7 21. Rxe7
Rxe7 22. Re1 Rf7 23. h4 Bg7 24. Qd2 Qd8 25. Na4 Nd7 26. Nc3 Nf6 27. Bd1 a6 28.
a4 b6 29. Bf3 Qb8 30. b3 b5 31. Rb1 b4 32. Ne2 Re7 33. Re1 Ne4 34. Bxe4 Rxe4
35. Be3 Ne8 36. Kf2 Nf6 37. Kf3 Ng4 38. Bf2 Qe8 39. Bg1 Bc3 0-1

[Event "Frankfurt Ch 2011"]
[Site "Ffm-Kalbach, LAZ"]
[Date "2011.05.02"]
[Round "1.43"]
[White "Kolker, Vladislav"]
[Black "Lanz, Jürgen"]
[Result "1-0"]
[WhiteElo "2104"]
[BlackElo "1564"]
[PlyCount "59"]
[EventDate "2011.??.??"]
[WhiteTeam "Sfr.1891 Friedberg"]
[BlackTeam "SC 1979 Hattersheim"]

1. e4 c6 2. Nf3 d5 3. exd5 cxd5 4. Ne5 Qc7 5. d4 Nd7 6. f4 Nxe5 7. fxe5 Bf5 8.
Bb5+ Bd7 9. Bd3 e6 10. O-O Ne7 11. Qf3 O-O-O 12. Qxf7 Nc6 13. c3 Nxe5 14. dxe5
Bc5+ 15. Kh1 Rhf8 16. Qh5 Rxf1+ 17. Bxf1 Rf8 18. Bd3 g6 19. Qe2 Bc6 20. Be3 Qb6
21. Bxc5 Qxc5 22. Nd2 Rf2 23. Qe1 Qf8 24. Kg1 Rf4 25. Nf3 Qh6 26. Nd4 Kd7 27.
Qg3 Rf7 28. Rf1 Rxf1+ 29. Bxf1 Qd2 30. Qf2 1-0

[Event "Frankfurt Ch 2011"]
[Site "Ffm-Kalbach, LAZ"]
[Date "2011.05.02"]
[Round "1.44"]
[White "Annen, Oliver"]
[Black "Syed, Tareq"]
[Result "0-1"]
[WhiteElo "1559"]
[BlackElo "2112"]
[PlyCount "66"]
[EventDate "2011.??.??"]
[WhiteTeam "SK Bad Homburg 1927"]
[BlackTeam "SC Brett vor'm Kopp Ffm"]

1. c4 d6 2. d4 Nf6 3. Nc3 c6 4. Nf3 Nbd7 5. e4 e5 6. Be2 Be7 7. O-O O-O 8. Ne1
exd4 9. Qxd4 Re8 10. b4 a5 11. b5 h6 12. Na4 Bf8 13. Bd3 Be7 14. Bb2 Nf8 15.
Rb1 Ne6 16. Qe3 Nd7 17. f4 Nec5 18. Nxc5 Nxc5 19. Bc2 Bf8 20. Qf3 cxb5 21. cxb5
b6 22. e5 Bb7 23. Qg3 Ne4 24. Bxe4 Bxe4 25. Rc1 Qd7 26. a4 Rac8 27. Nf3 Bc2 28.
Qf2 Bxa4 29. exd6 Bxb5 30. Rfd1 Re2 31. Qd4 Rxc1 32. Bxc1 Qg4 33. Ne1 Bc6 0-1

[Event "Frankfurt Ch 2011"]
[Site "Ffm-Kalbach, LAZ"]
[Date "2011.05.02"]
[Round "1.45"]
[White "Richter, Tobias"]
[Black "Bock, Mario"]
[Result "1-0"]
[WhiteElo "2099"]
[BlackElo "1551"]
[PlyCount "89"]
[EventDate "2011.??.??"]
[WhiteTeam "SV Merseburg e. V."]
[BlackTeam "Sfr. Frankfurt 1921"]

1. e4 d6 2. d4 Nf6 3. Nc3 g6 4. f3 Bg7 5. Be3 O-O 6. Qd2 Nbd7 7. O-O-O e5 8. d5
a6 9. g4 b5 10. h4 h5 11. Bg5 Qe8 12. Qg2 Kh7 13. Nh3 Rh8 14. Bd3 Kg8 15. Nf2
Nc5 16. Kb1 Nxd3 17. Rxd3 b4 18. Ncd1 a5 19. Ne3 Ba6 20. Rd2 Nd7 21. gxh5 Rxh5
22. Neg4 f6 23. Be3 Kf7 24. Nd3 Qh8 25. Bf2 g5 26. Rg1 Rg8 27. hxg5 Rxg5 28.
Be3 Rh5 29. Ndf2 Bf8 30. Nh1 Nb6 31. b3 Qh7 32. Ng3 Rh4 33. Nf5 Rh5 34. Ngh6+
Bxh6 35. Nxh6+ Rxh6 36. Qxg8+ Qxg8 37. Rxg8 Rh1+ 38. Rg1 Rxg1+ 39. Bxg1 Nd7 40.
Rh2 Kg7 41. c4 Nc5 42. Bxc5 dxc5 43. a3 Bb7 44. axb4 axb4 45. Ra2 1-0

[Event "Frankfurt Ch 2011"]
[Site "Ffm-Kalbach, LAZ"]
[Date "2011.05.02"]
[Round "1.46"]
[White "Richter, Wolfram"]
[Black "Göbel, Andreas"]
[Result "0-1"]
[WhiteElo "1544"]
[BlackElo "2032"]
[PlyCount "74"]
[EventDate "2011.??.??"]
[WhiteTeam "SK Bad Sooden-Allendorf"]
[BlackTeam "SC Brett vor'm Kopp Ffm"]

1. Nf3 d5 2. g3 Nf6 3. Bg2 g6 4. c4 d4 5. d3 Bg7 6. Nbd2 c5 7. b4 cxb4 8. a3
bxa3 9. Bxa3 Nc6 10. Qa4 O-O 11. Rb1 Nd7 12. Rb5 Nb6 13. Qb3 Re8 14. O-O h6 15.
Rb1 Qc7 16. Bc5 Nd7 17. Ne4 b6 18. Ba3 Ba6 19. Rd5 Rad8 20. Qa4 Bb7 21. Bh3 f5
22. Bxf5 gxf5 23. Rxf5 Nf6 24. Ned2 e6 25. Rf4 e5 26. Rh4 Ba8 27. Bc1 Ne7 28.
Ne4 Bxe4 29. dxe4 Ng6 30. Rh3 Qd7 31. Qxd7 Rxd7 32. Rb5 Nxe4 33. Rh5 Nc3 34.
Rb2 e4 35. Ne1 d3 36. exd3 exd3 37. Kf1 Ne4 0-1

[Event "Frankfurt Ch 2011"]
[Site "Ffm-Kalbach, LAZ"]
[Date "2011.05.02"]
[Round "1.47"]
[White "Rondonuwu, Grover"]
[Black "Rauscher, Joachim"]
[Result "1-0"]
[WhiteElo "2020"]
[BlackElo "1525"]
[PlyCount "67"]
[EventDate "2011.??.??"]
[WhiteTeam "Frankfurter TV 1860"]
[BlackTeam "SC Brett vor'm Kopp Ffm"]

1. e4 e5 2. Nf3 Nc6 3. Bb5 Nf6 4. O-O d6 5. d4 a6 6. Bxc6+ bxc6 7. Re1 Bg4 8.
dxe5 Bxf3 9. Qxf3 dxe5 10. Rd1 Bd6 11. Nd2 O-O 12. Nc4 Qb8 13. b3 Re8 14. Bb2
Re6 15. Rd2 Nd7 16. Rad1 Rf6 17. Qe2 Qb5 18. a4 Qc5 19. Ba3 Qa7 20. Bxd6 cxd6
21. Rxd6 Rxd6 22. Rxd6 Nf6 23. Nxe5 Qc7 24. Nc4 Re8 25. f3 h6 26. Qd2 Nh7 27.
Qd4 Nf8 28. Qb6 Qe7 29. Qxc6 Rb8 30. Qxa6 Qg5 31. Rd2 Ne6 32. Qa7 Rc8 33. Qe3
Qf6 34. e5 1-0

[Event "Frankfurt Ch 2011"]
[Site "Ffm-Kalbach, LAZ"]
[Date "2011.05.02"]
[Round "1.48"]
[White "Knott, Tilo"]
[Black "Wagner, Dirk"]
[Result "0-1"]
[WhiteElo "1523"]
[BlackElo "2038"]
[PlyCount "36"]
[EventDate "2011.??.??"]
[WhiteTeam "SC Brett vor'm Kopp Ffm"]
[BlackTeam "Sfr. Frankfurt 1921"]

1. d4 Nf6 2. Nc3 g6 3. Nf3 d5 4. Bg5 Bg7 5. e3 c6 6. Bd3 Nbd7 7. O-O O-O 8. Re1
Qb6 9. Rb1 e5 10. dxe5 Ng4 11. a3 Ndxe5 12. h3 Nxf3+ 13. Qxf3 Ne5 14. Qf4 f6
15. Qg3 fxg5 16. Qxg5 Bxh3 17. Be2 Bf5 18. e4 dxe4 0-1

[Event "Frankfurt Ch 2011"]
[Site "Ffm-Kalbach, LAZ"]
[Date "2011.05.02"]
[Round "1.49"]
[White "Perlitz, Sven"]
[Black "Popp, Matthias"]
[Result "1-0"]
[WhiteElo "2094"]
[BlackElo "1522"]
[PlyCount "77"]
[EventDate "2011.??.??"]
[WhiteTeam "SC 1961 König Nied"]
[BlackTeam "SC Bergen-Enkheim 1922"]

1. e4 c5 2. Nf3 Nc6 3. c3 e5 4. Bc4 Nf6 5. Ng5 d5 6. exd5 Nxd5 7. Qf3 Qxg5 8.
Bxd5 Qf6 9. Bxc6+ Qxc6 10. Qxc6+ bxc6 11. d3 Bf5 12. Ke2 Be7 13. Nd2 O-O-O 14.
Ne4 c4 15. Be3 cxd3+ 16. Kf3 a6 17. Rhd1 h5 18. h3 f6 19. Bb6 Rd7 20. Rd2 Rb7
21. Ba5 Rb5 22. b4 Rd5 23. Rad1 Bd8 24. Rxd3 Rxd3+ 25. Rxd3 Bxe4+ 26. Kxe4 Bxa5
27. bxa5 Kc7 28. Kf5 Rb8 29. Rd2 Rb5 30. Kg6 e4 31. Kxg7 f5 32. Kg6 Rxa5 33.
Kxh5 Rc5 34. Kg5 a5 35. h4 e3 36. fxe3 Rxc3 37. h5 Rxe3 38. h6 Rg3+ 39. Kf6 1-0

[Event "Frankfurt Ch 2011"]
[Site "Ffm-Kalbach, LAZ"]
[Date "2011.05.02"]
[Round "1.50"]
[White "Bergmann, Michael"]
[Black "Gräbner, Walter"]
[Result "0-1"]
[WhiteElo "1511"]
[BlackElo "2053"]
[PlyCount "60"]
[EventDate "2011.??.??"]
[WhiteTeam "vereinslos"]
[BlackTeam "SC 1961 König Nied"]

1. e4 c5 2. Nf3 Nc6 3. d4 cxd4 4. Nxd4 Nf6 5. Nc3 d6 6. Bc4 g6 7. Be3 Bg7 8.
Qd2 O-O 9. O-O-O Ng4 10. h3 Nxe3 11. fxe3 a6 12. Rhf1 Ne5 13. Bb3 b5 14. Kb1
Bd7 15. Nd5 a5 16. a3 e6 17. Nf4 Nc4 18. Bxc4 bxc4 19. Nde2 Qb6 20. c3 Rab8 21.
Rf2 Bc6 22. Ng3 Be5 23. h4 Qc5 24. h5 Qxa3 25. hxg6 fxg6 26. Rdf1 Bxc3 27. Qc1
Be5 28. Nxe6 Rxf2 29. Rxf2 Qd3+ 30. Ka1 Bxg3 0-1

[Event "Frankfurt Ch 2011"]
[Site "Ffm-Kalbach, LAZ"]
[Date "2011.05.02"]
[Round "1.51"]
[White "Krzesinski, Paul"]
[Black "Heun, Andreas"]
[Result "1-0"]
[WhiteElo "1832"]
[BlackElo "1509"]
[PlyCount "57"]
[EventDate "2011.??.??"]
[WhiteTeam "Frankfurter TV 1860"]
[BlackTeam "SC Ladja Roßdorf"]

1. e4 c6 2. d4 d5 3. Nc3 e6 4. e5 Nd7 5. f4 c5 6. Nf3 cxd4 7. Nxd4 Bc5 8. Be3
Ne7 9. Bd3 Qb6 10. Na4 Qa5+ 11. c3 Bxd4 12. Bxd4 Nc6 13. Bf2 b5 14. Nc5 Nxc5
15. Bxc5 b4 16. Bd6 bxc3 17. O-O Ba6 18. Bxa6 Qxa6 19. bxc3 h5 20. f5 exf5 21.
Qxd5 Rd8 22. Rxf5 Qb6+ 23. Kh1 Qb7 24. Raf1 Rf8 25. e6 f6 26. e7 Rxd6 27.
exf8=Q+ Kxf8 28. Qxd6+ Ne7 29. c4 1-0

[Event "Frankfurt Ch 2011"]
[Site "Ffm-Kalbach, LAZ"]
[Date "2011.05.02"]
[Round "1.52"]
[White "Kraus, Roman"]
[Black "Tierling, Detlef"]
[Result "0-1"]
[WhiteElo "1504"]
[BlackElo "2036"]
[PlyCount "96"]
[EventDate "2011.??.??"]
[WhiteTeam "SV Bergwinkel"]
[BlackTeam "SV Griesheim(DA)"]

1. d4 b6 2. c4 Bb7 3. Nc3 f5 4. Bf4 Nf6 5. e3 e6 6. a3 d6 7. Nf3 h6 8. h3 Nbd7
9. Be2 a6 10. Nh4 h5 11. Ng6 Rh7 12. O-O Kf7 13. Nxf8 Qxf8 14. Rc1 h4 15. Bf3
c6 16. e4 e5 17. dxe5 dxe5 18. Bg5 f4 19. Bxf6 Nxf6 20. Qb3 Kg8 21. Qxb6 g5 22.
Rfd1 Re8 23. c5 g4 24. Bxg4 Nxg4 25. hxg4 f3 26. Rd3 fxg2 27. Rh3 Qf4 28. Qb3+
Kh8 29. Qd1 Bc8 30. f3 Rg8 31. Rc2 Qe3+ 32. Kxg2 Qf4 33. Qe2 Bxg4 34. fxg4
Rxg4+ 35. Kh1 Rhg7 36. Qf2 Qg5 37. Qf8+ Rg8 38. Qf3 Rf4 39. Qg2 Qh6 40. Qe2
Rgg4 41. Rf3 Rg3 42. Rxf4 exf4 43. Qd2 Rh3+ 44. Kg2 Qg5+ 45. Kf1 Rf3+ 46. Ke2
Qg2+ 47. Kd1 Rf1+ 48. Qe1 Rxe1+ 0-1

[Event "Frankfurt Ch 2011"]
[Site "Ffm-Kalbach, LAZ"]
[Date "2011.05.02"]
[Round "1.53"]
[White "Willems, Matthias"]
[Black "Rondorf, Jochen"]
[Result "1-0"]
[WhiteElo "2056"]
[BlackElo "1499"]
[PlyCount "121"]
[EventDate "2011.??.??"]
[WhiteTeam "SC Bad Nauheim"]
[BlackTeam "SG Niederkassel"]

1. d4 d5 2. Bg5 Nf6 3. Bxf6 gxf6 4. e3 e5 5. Nc3 Be6 6. Qh5 Nd7 7. a3 c6 8.
Nge2 Qc7 9. g3 O-O-O 10. Bg2 Nb6 11. b3 Kb8 12. O-O Bd6 13. Nc1 Qe7 14. b4 Nc4
15. Nb3 Nxa3 16. Nc5 Nxc2 17. Ra4 exd4 18. exd4 Nxd4 19. Nd3 b5 20. Ra3 Bxb4
21. Nxb4 Qxb4 22. Qd1 Qxa3 23. Qxd4 Qe7 24. Ra1 Rd7 25. Ra6 Rc8 26. Qf4+ Kb7
27. Ra1 Rd6 28. Qb4 Qc7 29. Na4 Ka8 30. Nc5 Rdd8 31. f4 d4 32. Nxe6 fxe6 33.
Qxb5 Rd5 34. Bxd5 cxd5 35. Qa6 e5 36. fxe5 fxe5 37. Qe6 Rd8 38. Kg2 e4 39. Qf6
d3 40. Qd4 Qc2+ 41. Kh3 Qc7 42. Kg2 Qb7 43. Ra5 Rc8 44. Rxd5 Rc2+ 45. Kh3 Qc8+
46. g4 Rc4 47. Qf6 Rc6 48. Qg5 Rg6 49. Qh4 Qc7 50. Rd8+ Kb7 51. Re8 d2 52. Re7
d1=Q 53. Rxc7+ Kxc7 54. Qxh7+ Kc8 55. Qxg6 Qf1+ 56. Kh4 Qf2+ 57. Kh5 e3 58.
Qa6+ Kc7 59. Qxa7+ Kd6 60. h4 e2 61. Qxf2 1-0